000 00377nam a2200145 a 4500
005 20140414093838.0
008 090205s19uu xx uuu eng d
050 _aCT 793
_bGAR 1991
100 _aGarcia, Hugo
245 _aCha-cha in the 90's /
_cHugo Garcia.
260 _aPhilippines :
_bIvory Records.
650 _a Ballroom dancing.
942 _cAVM
999 _c109142
_d109142